[Event "Wch Seniors (Women) 12th"]
[Site "Naumburg"]
[Date "2002.10.31"]
[Round "9"]
[White "Abdikasova, Panu"]
[Black "Purevdorj, Bujinlkhoun"]
[Result "0-1"]
[WhiteElo "1976"]
[BlackElo "1998"]
[PlyCount "120"]
[EventDate "2002.10.21"]
[EventType "swiss"]
[EventRounds "11"]
[EventCountry "GER"]
[SourceTitle "EXT 2006"]
[Source "ChessBase"]
[SourceDate "2005.11.24"]
[SourceVersion "1"]
[SourceVersionDate "2005.11.24"]
[SourceQuality "1"]

1. d4 d5 2. Nf3 Nf6 3. c4 e6 4. Nc3 Be7 5. Bg5 0-0 6. e3 Nbd7 7. Rc1 c6 8. Bd3 h6 9. Bh4 dxc4 10. Bxc4 b5 11. Bd3 Bb7 12. 0-0 a6 13. Ne4 Rc8 14. Nxf6+ Bxf6 15. Bg3 Qe7 16. Be4 g6 17. Rc2 e5 18. Re1 Qe6 19. Qc1 Bh8 20. dxe5 Bxe5 21. Bxe5 Nxe5 22. Nd4 Qxa2 23. b3 Qa5 24. f4 Ng4 25. Bxc6 Qb6 26. Bxb7 Qxb7 27. Nc6 Kh7 28. h3 Nf6 29. Ne5 Ne4 30. Rd1 Rfd8 31. Rd4 Nf6 32. Kh2 Rxc2 33. Qxc2 Rxd4 34. exd4 Qd5 35. Qc6 Qxc6 36. Nxc6 Nd5 37. Kg3 Kg7 38. Kf3 Kf6 39. g3 Ke6 40. Ne5 Ne7 41. g4 a5 42. Nd3 Kd5 43. Ke3 a4 44. Nb4+ Kd6 45. bxa4 bxa4 46. Ke4 a3 47. f5 g5 48. Na2 Nd5 49. Kf3 Nf4 50. h4 Kd5 51. hxg5 hxg5 52. Ke3 Kc4 53. Ke4 f6 54. Nc1 Nd5 55. Na2 Nc3+ 56. Nxc3 Kxc3 57. d5 a2 58. d6 a1Q 59. Kd5 Qa8+ 60. Ke6 Qd8 0-1

[Event "Wch Seniors (Women) 12th"]
[Site "Naumburg"]
[Date "2002.10.29"]
[Round "7"]
[White "Janssen, Lieselotte"]
[Black "Purevdorj, Bujinlkhoun"]
[Result "1/2-1/2"]
[WhiteElo "1843"]
[BlackElo "1998"]
[PlyCount "89"]
[EventDate "2002.10.21"]
[EventType "swiss"]
[EventRounds "11"]
[EventCountry "GER"]
[SourceTitle "EXT 2006"]
[Source "ChessBase"]
[SourceDate "2005.11.24"]
[SourceVersion "1"]
[SourceVersionDate "2005.11.24"]
[SourceQuality "1"]

1. d4 d5 2. c4 e6 3. Nf3 Nf6 4. Nc3 Be7 5. Bg5 0-0 6. e3 Nbd7 7. Bd3 b6 8. 0-0 Bb7 9. Rc1 h6 10. Bh4 a6 11. h3 c5 12. cxd5 exd5 13. b3 Ne4 14. Bxe7 Qxe7 15. Be2 Rac8 16. dxc5 Nxc3 17. Rxc3 bxc5 18. Bd3 Ne5 19. Nxe5 Qxe5 20. Qc2 d4 21. exd4 cxd4 22. Rxc8 Rxc8 23. Qd2 Rc3 24. Rd1 Rc8 25. Re1 Qd6 26. Qe2 Kf8 27. Bc4 Rd8 28. Qh5 Rd7 29. Qe2 Re7 30. Qxe7+ Qxe7 31. Rxe7 Kxe7 32. f3 f6 33. Kf2 Kd6 34. Ke2 a5 35. Kd3 Ke5 36. a3 g5 37. b4 axb4 38. axb4 f5 39. Ke2 g4 40. hxg4 fxg4 41. Kf2 gxf3 42. gxf3 h5 43. b5 h4 44. b6 h3 45. Bf1 1/2-1/2

[Event "Wch Seniors (Women) 12th"]
[Site "Naumburg"]
[Date "2002.10.21"]
[Round "1"]
[White "Sorokina, Tamara"]
[Black "Purevdorj, Bujinlkhoun"]
[Result "1-0"]
[WhiteElo "2133"]
[BlackElo "1998"]
[PlyCount "35"]
[EventDate "2002.10.21"]
[EventType "swiss"]
[EventRounds "11"]
[EventCountry "GER"]
[SourceTitle "EXT 2006"]
[Source "ChessBase"]
[SourceDate "2005.11.24"]
[SourceVersion "1"]
[SourceVersionDate "2005.11.24"]
[SourceQuality "1"]

1. Nf3 d5 2. d4 Nf6 3. Bf4 e6 4. e3 c5 5. c3 Bd6 6. Ne5 0-0 7. Nd2 a6 8. a4 Nc6 9. Bd3 Ne7 10. 0-0 Ng6 11. Bg3 b6 12. f4 Ne8 13. Ndf3 Nxe5 14. fxe5 f5 15. exf6 Rxf6 16. Ne5 Ra7 17. Rxf6 gxf6 18. Bxh7+ 1-0